Click A Bro Quiz Stats

 Plays Quiz Updated Aug 22, 2012

Support Sporcle.
Go Orange.
Score 0/22 Timer 04:00
2 Plays Today
% Correct
bromance
92.8%
bro-flops
90.3%
brovember
90%
broquet
89.5%
brofessional
87.8%
bro and arrow
86.9%
brohawk
86.7%
brotocol
86%
bro-bath
85.2%
broverload
84.2%
bro-over
82.7%
% Correct
broflex
82.4%
brozone
80.6%
brotein
79.7%
broment
79.7%
bro-worker
79.3%
bro-soda
78.5%
brotini
73.3%
bro biden
70.9%
broasis
70.2%
bro derek
64.1%
brodeo
51.7%

You're not logged in!

Compare scores with friends on all Sporcle quizzes.
OR
Log In
Forgot?

From the Vault

Music... By 14 Other Categories!

by SporcleEXP

Music makes the world go 'round.
Remove Ads.
Support Sporcle.
Get the best of Sporcle when you Go Orange. This ad-free experience offers more features, more stats, and more fun while also helping to support Sporcle. Thank you for becoming a member.

Show Comments

Extras

Top Quizzes Today


Score Distribution

Your Account Isn't Verified!

In order to create a playlist on Sporcle, you need to verify the email address you used during registration. Go to your Sporcle Settings to finish the process.

Report this User

Report this user for behavior that violates our Community Guidelines.

Details: